| 000 -LEADER |
| fixed length control field |
00701nam a22001937a 4500 |
| 005 - DATE AND TIME OF LATEST TRANSACTION |
| control field |
20230822153053.0 |
| 008 - FIXED-LENGTH DATA ELEMENTS--GENERAL INFORMATION |
| fixed length control field |
230822s1985 enk||||| |||| 00| 0 eng d |
| 020 ## - INTERNATIONAL STANDARD BOOK NUMBER |
| International Standard Book Number |
015503765X |
| 041 ## - LANGUAGE CODE |
| Language code of text/sound track or separate title |
eng |
| 080 ## - UNIVERSAL DECIMAL CLASSIFICATION NUMBER |
| Universal Decimal Classification number |
75 C-87 |
| 100 ## - MAIN ENTRY--PERSONAL NAME |
| Personal name |
Croix, Horst de la |
| 9 (RLIN) |
19694 |
| 245 ## - TITLE STATEMENT |
| Title |
Gardner's Art Through the Ages : |
| Remainder of title |
Vol. 2: Renaissance And Modern Art / |
| Statement of responsibility, etc. |
Horst de la Croix, Richard G. Tansey. |
| 250 ## - EDITION STATEMENT |
| Edition statement |
Eighth edition |
| 264 ## - PRODUCTION, PUBLICATION, DISTRIBUTION, MANUFACTURE, AND COPYRIGHT NOTICE |
| Place of production, publication, distribution, manufacture |
San Diego, |
| Date of production, publication, distribution, manufacture, or copyright notice |
1985. |
| 300 ## - PHYSICAL DESCRIPTION |
| Extent |
1008 p. : |
| Other physical details |
ill.; |
| Dimensions |
28 cm. |
| 653 ## - INDEX TERM--UNCONTROLLED |
| keyword |
გარდნერის ხელოვნება საუკუნეების მანძილზე |
| 700 ## - ADDED ENTRY--PERSONAL NAME |
| Personal name |
Tansey, Richard G. |
| Relator term |
ავტორი |
| 9 (RLIN) |
19695 |
| 942 ## - ADDED ENTRY ELEMENTS (KOHA) |
| Source of classification or shelving scheme |
|
| Koha item type |
წიგნი |